00596nam a2200205Ia 4500008004100000041001200041082001100053100001700064245005500081260003400136300000800170365000700178520004700185520001200232546001200244630005500256650001200311655001200323730005500335101110s9999 xx 000 0 und d aMARATHI bJR4848 aKulkarni Ram aChinta Va Manasika Tana Dura Karanyache Sope Upaya c2000bSanika Prakashan,Nashik a114 b70 aGowande sir Interest & expenditure/2005-06 aMarathi aMARATHI aChinta Va Manasika Tana Dura Karanyache Sope Upaya aMarathi aMarathi aChinta Va Manasika Tana Dura Karanyache Sope Upaya